|
|
|
|
| LEADER |
00589cam a2200205 7i4500 |
| 001 |
0000010633 |
| 005 |
20151104090000.0 |
| 005 |
##20151104112300.0 |
| 003 |
##MY-KlINT |
| 020 |
# |
# |
|a 9789833364602
|
| 039 |
# |
9 |
|y 201511041123
|z VLOAD
|
| 090 |
0 |
0 |
|a 658.85
|b ZAH
|
| 100 |
1 |
# |
|a Zahrul Azua Kamaluddin
|
| 245 |
1 |
0 |
|a Rahsia membina senjata jualan /
|c Zahrul Azua Kamaluddin & Syed Akil.
|
| 260 |
# |
# |
|a Petaling JayabTrue Wealth Pubc2008.
|
| 300 |
# |
# |
|a 199p:
|b ill;
|c 21cm.
|
| 650 |
# |
0 |
|a Sales management
|
| 650 |
# |
0 |
|a Selling
|
| 700 |
0 |
# |
|a Syed Akil
|
| 999 |
|
|
|a 0000064080
|b BOOK
|c Main Non-Fiction
|e INTAN BK
|